000
00192 a2200097 4500
001
46071
100
_a
Akbar
245
_a
India
260
_a
London
_b
Penguim Books
_c
090
_c
29173
_d
29173
942
_a
NUST-CAE
_c
M
_c
21306
999
_c
281144
_d
281144